000 01094nam a2200265Ia 4500
001 18116
003 GE_BSU
008 181216s||||||||xx |||||||||||||| ||und||
020 _a9789941123570
040 _cGE_BSU
080 _a811.353.1(063)
245 _a67-ე სამეცნიერო სესია: მასალები
245 _b2008 წლის 23-26 დეკემბერი
245 _cრედ. ა. არაბული,. თ. ვაშაკიძე
250 _aარნოლდ ჩიქობავას ენათმეცნიერების ინ-ტი
260 _aთბილისი
260 _bუნივერსალი
260 _c2008
300 _a136გვ.21სმ.
520 _aეძღვნება სულხან საბა ორბელიანის დაბადების 350-ე წლისთავს
541 _h5ლ.
653 _a67-ე სამეცნიერო სესია: მასალები
653 _aქართული ენა
942 _cBK
999 _c51157
_d51157